[Event "XV Festival A"]
[Site "Campobasso ITA"]
[Date "2008.07.19"]
[Round "3"]
[White "Ferraro, Pietro"]
[Black "Petruccioli, Antonio"]
[Result "0-1"]
[WhiteElo "1968"]
[BlackElo "2101"]
[PlyCount "64"]
[EventDate "2008.07.18"]

1. e4 c5 2. Nf3 e6 3. b4 cxb4 4. a3 Nf6 5. e5 Nd5 6. axb4 Bxb4 7. c3 Be7 8. Bc4
Nb6 9. Ba2 d6 10. O-O dxe5 11. Nxe5 N8d7 12. f4 O-O 13. d4 Nf6 14. Na3 Nbd5 15.
Qf3 a6 16. Nac4 Qc7 17. Bb2 b5 18. Nd2 Bb7 19. Qh3 Rfd8 20. Rae1 g6 21. Nxf7
Kxf7 22. Qxe6+ Kf8 23. Qh3 Kg7 24. Re5 Bd6 25. Bb1 Nxf4 26. Rxf4 Bxe5 27. dxe5
Qxe5 28. Rxf6 Qxf6 29. Bc1 Rf8 30. Nf3 Bxf3 31. Qh6+ Kh8 32. h4 Bd5 0-1

[Event "XV Festival A"]
[Site "Campobasso ITA"]
[Date "2008.07.19"]
[Round "3"]
[White "Ficco, Corrado"]
[Black "Iodice, Fabio"]
[Result "1/2-1/2"]
[WhiteElo "2141"]
[BlackElo "1934"]
[PlyCount "51"]
[EventDate "2008.07.18"]

1. c4 Nf6 2. Nc3 e6 3. d4 Bb4 4. Nf3 b6 5. g3 Bb7 6. Bg2 O-O 7. O-O Be7 8. Qc2
d6 9. e4 Nbd7 10. Rd1 c5 11. e5 Ne8 12. exd6 Nxd6 13. dxc5 Nxc5 14. b4 Nce4 15.
Nb5 Qb8 16. Bf4 a6 17. Nxd6 Bxd6 18. Bxd6 Nxd6 19. Ng5 Nf5 20. Ne4 Qc7 21. c5
Rfd8 22. Rac1 Rac8 23. Rxd8+ Rxd8 24. c6 Nd4 25. Qc4 b5 26. Qf1 1/2-1/2

[Event "XV Festival A"]
[Site "Campobasso ITA"]
[Date "2008.07.19"]
[Round "3"]
[White "Galasso, Luigi"]
[Black "Lalic, Bogdan"]
[Result "0-1"]
[WhiteElo "1924"]
[BlackElo "2533"]
[PlyCount "52"]
[EventDate "2008.07.18"]

1. e4 c5 2. Nf3 e6 3. d3 d5 4. Nbd2 Nc6 5. g3 Bd6 6. Bg2 Nge7 7. O-O O-O 8. Nh4
Bc7 9. f4 f6 10. c3 Rb8 11. a3 b5 12. b4 d4 13. Nb3 dxc3 14. bxc5 Nd4 15. Nxd4
Qxd4+ 16. Kh1 Rd8 17. Rb1 Qxd3 18. Qb3 Nc6 19. Nf3 b4 20. Ne1 Qe2 21. Qc2 Qxc2
22. Nxc2 b3 23. Nb4 Nxb4 24. Rxb3 Ba6 25. axb4 Bxf1 26. Bxf1 Rd1 0-1

[Event "XV Festival A"]
[Site "Campobasso ITA"]
[Date "2008.07.19"]
[Round "3"]
[White "Ninov, Nikolai Ivanov"]
[Black "Gromovs, Sergejs"]
[Result "1-0"]
[WhiteElo "2515"]
[BlackElo "2385"]
[PlyCount "93"]
[EventDate "2008.07.18"]

1. e4 c5 2. Nf3 d6 3. d4 cxd4 4. Nxd4 Nf6 5. Nc3 a6 6. h3 e5 7. Nde2 Be6 8. g4
Nbd7 9. Bg2 Nb6 10. a4 Rc8 11. O-O Be7 12. b3 O-O 13. Bb2 Qc7 14. a5 Nbd7 15.
Ng3 g6 16. Qd2 b5 17. axb6 Qxb6 18. Nd5 Bxd5 19. exd5 h6 20. Ra3 Nh7 21. c4 Bg5
22. Qc3 Rb8 23. Rb1 Nc5 24. Ba1 f5 25. gxf5 gxf5 26. b4 f4 27. Nh5 f3 28. Bxf3
Bh4 29. Rb2 Nd7 30. Qd3 Kh8 31. c5 Qd8 32. Rxa6 Qg5+ 33. Bg4 Ndf6 34. f4 Qg8
35. Rg2 Rxb4 36. Rxd6 Re4 37. Nxf6 Re1+ 38. Kh2 Bxf6 39. Be6 Qxg2+ 40. Kxg2
Rxa1 41. Rd7 Ra2+ 42. Kf3 Bg7 43. Rf7 Rfa8 44. c6 R2a3 45. Qxa3 Rxa3+ 46. Ke2
Rc3 47. c7 1-0

[Event "XV Festival A"]
[Site "Campobasso ITA"]
[Date "2008.07.19"]
[Round "3"]
[White "Parrini, Daniele"]
[Black "Gerardi, Saverio"]
[Result "0-1"]
[WhiteElo "2032"]
[BlackElo "2176"]
[PlyCount "36"]
[EventDate "2008.07.18"]

1. e4 c5 2. Nf3 Nc6 3. d4 cxd4 4. Nxd4 e6 5. Nc3 Qc7 6. Be3 a6 7. Qd2 b5 8.
O-O-O Bb7 9. Nb3 Nf6 10. Bf4 Ne5 11. Qd4 d6 12. f3 Be7 13. Qf2 Rc8 14. Be3 b4
15. Bb6 Qd7 16. Nb1 Qa4 17. Na5 Nxe4 18. fxe4 Bg5+ 0-1

[Event "XV Festival A"]
[Site "Campobasso ITA"]
[Date "2008.07.19"]
[Round "3"]
[White "Pienabarca, Nicola"]
[Black "Grasso, Nino"]
[Result "1-0"]
[WhiteElo "2101"]
[BlackElo "2000"]
[PlyCount "121"]
[EventDate "2008.07.18"]

1. d4 Nf6 2. Nf3 c5 3. d5 b5 4. Bg5 Ne4 5. Bf4 Bb7 6. Qd3 Qa5+ 7. Nbd2 Nxd2 8.
Nxd2 c4 9. Qg3 d6 10. e4 Nd7 11. Be2 g6 12. e5 dxe5 13. Bxe5 Nxe5 14. Qxe5 f6
15. Qd4 Rd8 16. Bf3 e5 17. Qe3 Bxd5 18. O-O Qc7 19. Bxd5 Rxd5 20. Ne4 Bg7 21.
Qf3 Qd8 22. Rfd1 Rd4 23. Nc3 a6 24. Qc6+ Qd7 25. Qxa6 O-O 26. Qxb5 Rxd1+ 27.
Rxd1 Qxb5 28. Nxb5 Ra8 29. a3 f5 30. b3 cxb3 31. cxb3 e4 32. a4 Kf7 33. Rd7+
Kf6 34. g3 h6 35. h4 g5 36. Rd6+ Kf7 37. hxg5 hxg5 38. Rb6 Bf8 39. Rb7+ Kf6 40.
Kg2 Ke5 41. Rc7 f4 42. gxf4+ gxf4 43. Rh7 Bb4 44. Rh5+ Kf6 45. Nc7 f3+ 46. Kh3
Kg6 47. Nxa8 Kxh5 48. Nc7 Be1 49. Kg3 e3 50. Kxf3 exf2 51. Kg2 Kg4 52. Ne6 Kf5
53. Nc5 Ke5 54. Nd3+ Kd4 55. Nxf2 Kc3 56. a5 Bd2 57. Ne4+ Kb4 58. Nxd2 Kxa5 59.
Kf3 Kb4 60. Ke4 Kc3 61. Ke3 1-0

[Event "XV Festival A"]
[Site "Campobasso ITA"]
[Date "2008.07.19"]
[Round "3"]
[White "Piro, Valerio"]
[Black "De Fazio, Giovanni"]
[Result "1-0"]
[WhiteElo "2058"]
[BlackElo "1860"]
[PlyCount "75"]
[EventDate "2008.07.18"]

1. Nf3 Nf6 2. c4 e6 3. Nc3 b6 4. g3 Bb7 5. Bg2 Be7 6. O-O O-O 7. d4 d5 8. Ne5
c6 9. e4 dxc4 10. Nxc4 Ba6 11. b3 b5 12. Ne5 b4 13. Ne2 Bxe2 14. Qxe2 Qxd4 15.
Bb2 Qb6 16. Rac1 c5 17. Nc4 Qc7 18. Bxf6 gxf6 19. e5 Nc6 20. exf6 Bxf6 21. Qf3
Qd8 22. Qxc6 Rc8 23. Qd6 Bd4 24. Qxd8 Rfxd8 25. Rfd1 Rd7 26. Ne5 Rd6 27. Nc6
Re8 28. Nxd4 cxd4 29. Rc4 e5 30. Rxb4 f5 31. f4 d3 32. fxe5 Rxe5 33. Rd2 Rc5
34. Rc4 Ra5 35. a4 Re5 36. Rc3 f4 37. Rcxd3 fxg3 38. Rxd6 1-0

[Event "XV Festival A"]
[Site "Campobasso ITA"]
[Date "2008.07.19"]
[Round "3"]
[White "Sabia, Corrado"]
[Black "Della Corte, Alessandro"]
[Result "1/2-1/2"]
[WhiteElo "2205"]
[BlackElo "2247"]
[PlyCount "40"]
[EventDate "2008.07.18"]

1. c4 c5 2. Nc3 Nc6 3. Nf3 g6 4. e3 d6 5. d4 cxd4 6. exd4 Bg4 7. d5 Bxf3 8.
Qxf3 Ne5 9. Qd1 f5 10. f4 Nf7 11. Be2 Nf6 12. Be3 Bg7 13. O-O O-O 14. Rc1 Qd7
15. b3 a6 16. Bf3 Ng4 17. Bxg4 fxg4 18. g3 Nh6 19. Bd4 Bxd4+ 20. Qxd4 Nf5
1/2-1/2

[Event "XV Festival A"]
[Site "Campobasso ITA"]
[Date "2008.07.19"]
[Round "3"]
[White "Scalcione, Michelangelo"]
[Black "Naumkin, Igor"]
[Result "1/2-1/2"]
[WhiteElo "2398"]
[BlackElo "2502"]
[PlyCount "71"]
[EventDate "2008.07.18"]

1. Nf3 Nf6 2. c4 e6 3. Nc3 Bb4 4. Qc2 O-O 5. a3 Bxc3 6. Qxc3 d6 7. g3 e5 8. Bg2
Nc6 9. b4 Ne4 10. Qc2 Ng5 11. e3 Bg4 12. Nxg5 Qxg5 13. b5 Nd8 14. O-O Qh5 15.
f4 Bh3 16. Bxh3 Qxh3 17. f5 f6 18. Qe4 Rb8 19. a4 Nf7 20. d3 Ng5 21. Qg2 Qxg2+
22. Kxg2 c5 23. e4 h5 24. Bd2 Kf7 25. h4 Nh7 26. Rf2 Rh8 27. a5 Nf8 28. a6 b6
29. Rg1 Nd7 30. Kf3 Rh7 31. Rfg2 Rg8 32. g4 hxg4+ 33. Rxg4 Rh5 34. Be1 Rh7 35.
Rg6 Rh5 36. R6g4 1/2-1/2

[Event "XV Festival A"]
[Site "Campobasso ITA"]
[Date "2008.07.19"]
[Round "4"]
[White "Della Corte, Alessandro"]
[Black "Sansonetti, Giorgio"]
[Result "0-1"]
[WhiteElo "2247"]
[BlackElo "2102"]
[PlyCount "94"]
[EventDate "2008.07.18"]

1. Nf3 Nf6 2. d4 c5 3. d5 b5 4. Bg5 Qb6 5. e3 Bb7 6. Nc3 a6 7. Be2 h6 8. Bxf6
Qxf6 9. a4 b4 10. Ne4 Qb6 11. O-O d6 12. a5 Qc7 13. c3 bxc3 14. bxc3 g6 15. Qb3
Nd7 16. Rfb1 Bc8 17. Qc4 Bg7 18. Bd1 O-O 19. Ba4 Ra7 20. Bc6 Kh7 21. h4 Ne5 22.
Nxe5 Bxe5 23. Rb6 f5 24. Nd2 f4 25. e4 Bf6 26. Nf3 Bg4 27. Nh2 Bc8 28. Re1 Bxh4
29. e5 dxe5 30. Qxc5 Qd6 31. Qc4 Bf6 32. Ba4 Qc7 33. Qb3 Bf5 34. c4 e4 35. Qb4
Rd8 36. Rc6 Rb7 37. Qc5 Qb8 38. Rxa6 Rb2 39. Rb6 Qe5 40. Rxb2 Qxb2 41. Qb6 Qc3
42. Rd1 Rc8 43. a6 e3 44. fxe3 fxe3 45. Qb3 e2 46. Qxc3 exd1=Q+ 47. Bxd1 Bxc3
0-1

[Event "XV Festival A"]
[Site "Campobasso ITA"]
[Date "2008.07.19"]
[Round "4"]
[White "Egli, Urs"]
[Black "Mola, Pietro"]
[Result "0-1"]
[WhiteElo "2071"]
[BlackElo "2249"]
[PlyCount "110"]
[EventDate "2008.07.18"]

1. e4 c5 2. Nf3 d6 3. d4 cxd4 4. Nxd4 Nf6 5. Nc3 a6 6. Bc4 e6 7. f4 Nxe4 8.
Nxe4 d5 9. Bd3 dxe4 10. Bxe4 Nd7 11. O-O Nf6 12. Bf3 Bc5 13. c3 O-O 14. Kh1 Qc7
15. Nb3 Ba7 16. Qe2 Bd7 17. Re1 Bc6 18. Be3 Bxe3 19. Qxe3 Nd5 20. Qe5 Qxe5 21.
fxe5 Ne7 22. Rad1 Rfd8 23. Nd4 Bd5 24. a3 Kf8 25. Rd2 Ke8 26. Kg1 Rd7 27. Red1
Rad8 28. Kf2 Ng6 29. Re1 Nh4 30. Red1 Nxf3 31. gxf3 f6 32. Re1 Kf7 33. Rde2 Re8
34. Re3 b5 35. f4 f5 36. h4 Rb7 37. Rd1 Rd8 38. Rg3 a5 39. Rdg1 Rg8 40. Rd1 Rd8
41. Rdg1 Kg8 42. Ra1 Bc4 43. Rag1 Bd5 44. Rd1 Rf8 45. Rg5 g6 46. h5 Kf7 47.
hxg6+ hxg6 48. Rdg1 Rg8 49. R5g3 b4 50. axb4 axb4 51. Rh3 bxc3 52. bxc3 Rb2+
53. Kg3 Rc8 54. Rc1 Rd2 55. Nb5 Rg2+ 0-1

[Event "XV Festival A"]
[Site "Campobasso ITA"]
[Date "2008.07.19"]
[Round "4"]
[White "Galasso, Luigi"]
[Black "Campanella, Giovanni"]
[Result "1-0"]
[WhiteElo "1924"]
[BlackElo "1955"]
[PlyCount "77"]
[EventDate "2008.07.18"]

1. e4 e6 2. d3 d5 3. Nd2 c5 4. Ngf3 Nc6 5. g3 Qb6 6. Bg2 Nf6 7. O-O Be7 8. Re1
O-O 9. e5 Nd7 10. Nf1 Qc7 11. Qe2 b5 12. Bf4 a5 13. Ne3 a4 14. Nxd5 exd5 15. e6
Qb6 16. exd7 Bxd7 17. Ne5 Nd4 18. Qd2 Be6 19. c3 f6 20. cxd4 fxe5 21. Bxe5 cxd4
22. Qe2 Rf7 23. Bxg7 Kxg7 24. Qxe6 Qxe6 25. Rxe6 Rd8 26. Rc1 Bb4 27. Rb6 a3 28.
b3 Bc3 29. Rxb5 Re8 30. Bxd5 Re2 31. Bxf7 Kxf7 32. Rb7+ Kg6 33. Ra7 Rxa2 34. b4
Bxb4 35. Rc6+ Kf5 36. Rb7 Bc3 37. Rb5+ Kg4 38. Kg2 Rxf2+ 39. Kxf2 1-0

[Event "XV Festival A"]
[Site "Campobasso ITA"]
[Date "2008.07.19"]
[Round "4"]
[White "Gatti, Francesco"]
[Black "Sabia, Corrado"]
[Result "0-1"]
[WhiteElo "1748"]
[BlackElo "2205"]
[PlyCount "64"]
[EventDate "2008.07.18"]

1. e4 c5 2. Nf3 e6 3. d4 cxd4 4. Nxd4 a6 5. Bd3 Nf6 6. O-O d6 7. c4 Bd7 8. Nc3
Nc6 9. Nb3 Be7 10. f4 Qc7 11. Kh1 b6 12. Qf3 Rb8 13. g4 Bc8 14. g5 Nd7 15. Be3
Bb7 16. Rad1 O-O 17. Qg4 Rfe8 18. Rf3 Rbd8 19. h4 Nb4 20. Bb1 d5 21. exd5 exd5
22. cxd5 Nf8 23. Be4 Bd6 24. f5 Be5 25. Bf4 Nxa2 26. Nxa2 Qc4 27. Bxe5 Rxe5 28.
Rd4 Qe2 29. Qg2 Rxe4 30. Rf2 Qe1+ 31. Rf1 Qxh4+ 32. Qh2 Rxd4 0-1

[Event "XV Festival A"]
[Site "Campobasso ITA"]
[Date "2008.07.19"]
[Round "4"]
[White "Gerardi, Saverio"]
[Black "Procacci, Sergio"]
[Result "0-1"]
[WhiteElo "2176"]
[BlackElo "2006"]
[PlyCount "70"]
[EventDate "2008.07.18"]

1. e4 d6 2. Nc3 Nf6 3. Bc4 c6 4. Bb3 e5 5. d3 Na6 6. f4 Nc5 7. Nf3 Bg4 8. O-O
a5 9. Be3 Nxb3 10. axb3 b5 11. Qe1 Bxf3 12. Rxf3 Ng4 13. Bd2 Qb6+ 14. Kh1 h5
15. Nd1 a4 16. Nc3 Rb8 17. bxa4 b4 18. Nd1 exf4 19. Bxf4 f6 20. Ne3 g5 21. Nc4
Qc7 22. Bd2 Be7 23. Qg1 d5 24. exd5 cxd5 25. Ne3 Bc5 26. Re1 Kd8 27. Rf5 Kc8
28. Rxd5 Kb7 29. g3 Rbe8 30. Qg2 Kb8 31. Nxg4 Rxe1+ 32. Bxe1 hxg4 33. Qe4 b3
34. cxb3 Qc8 35. Bb4 Rxh2+ 0-1

[Event "XV Festival A"]
[Site "Campobasso ITA"]
[Date "2008.07.19"]
[Round "4"]
[White "Grasso, Nino"]
[Black "Strippoli, Michele"]
[Result "0-1"]
[WhiteElo "2000"]
[BlackElo "1986"]
[PlyCount "112"]
[EventDate "2008.07.18"]

1. e4 d6 2. d4 g6 3. c3 Bg7 4. Nf3 Nd7 5. Bc4 e6 6. O-O Ne7 7. Bf4 a6 8. a4 Nf6
9. Nbd2 d5 10. Bd3 dxe4 11. Nxe4 Nfd5 12. Be5 f6 13. Bg3 O-O 14. Qe2 Nf5 15.
Rad1 Qe8 16. Nc5 b6 17. Nxa6 Nxg3 18. hxg3 Qxa4 19. Ra1 Qe8 20. Be4 Qd8 21.
Rfd1 Qd6 22. Nd2 b5 23. Nc5 Rxa1 24. Rxa1 c6 25. Re1 e5 26. c4 Nc7 27. b4 exd4
28. Qf3 Re8 29. Kf1 Bh6 30. Bxc6 Rxe1+ 31. Kxe1 Bxd2+ 32. Kxd2 bxc4 33. Ba4 Kg7
34. Qc6 Qe5 35. Qe4 Nd5 36. Qxe5 fxe5 37. b5 Nb6 38. Bd1 Kf7 39. Ne4 Ke7 40. f4
Bf5 41. Bf3 Bxe4 42. Bxe4 Kd6 43. Kc2 exf4 44. gxf4 Nd5 45. g3 Nb4+ 46. Kd2 c3+
47. Kc1 d3 48. Bxd3 Nxd3+ 49. Kc2 Nxf4 50. gxf4 h5 51. Kxc3 h4 52. b6 h3 53. b7
Kc7 54. Kd4 h2 55. Ke5 h1=Q 56. Kf6 Qh5 0-1

[Event "XV Festival A"]
[Site "Campobasso ITA"]
[Date "2008.07.19"]
[Round "4"]
[White "Iodice, Fabio"]
[Black "Andreoli, Mark"]
[Result "1/2-1/2"]
[WhiteElo "1934"]
[BlackElo "2048"]
[PlyCount "76"]
[EventDate "2008.07.18"]

1. Nf3 c5 2. c4 Nc6 3. Nc3 g6 4. g3 Bg7 5. Bg2 Nf6 6. O-O O-O 7. d4 cxd4 8.
Nxd4 Nxd4 9. Qxd4 d6 10. Rd1 Ng4 11. Qd3 Qb6 12. e3 Ne5 13. Qe2 Bg4 14. f3 Be6
15. Nd5 Bxd5 16. cxd5 Rfc8 17. Rb1 Rc7 18. b3 Rac8 19. Bb2 Rc2 20. Rd2 Qc5 21.
Bd4 Rc1+ 22. Rxc1 Qxc1+ 23. Rd1 Qa3 24. Qd2 h5 25. f4 Ng4 26. Bxg7 Kxg7 27. Bh3
Qc5 28. Bxg4 hxg4 29. Kf1 Qc2 30. Ke1 Kf6 31. Qd4+ Kf5 32. Rd2 Qe4 33. Qxe4+
Kxe4 34. Ke2 Kf5 35. Kd3 Rc1 36. e4+ Kf6 37. Ke2 e5 38. Kf2 Rh1 1/2-1/2

[Event "XV Festival A"]
[Site "Campobasso ITA"]
[Date "2008.07.19"]
[Round "4"]
[White "Lalic, Bogdan"]
[Black "Scalcione, Michelangelo"]
[Result "1-0"]
[WhiteElo "2533"]
[BlackElo "2398"]
[PlyCount "103"]
[EventDate "2008.07.18"]

1. d4 d6 2. Nf3 Nf6 3. c4 g6 4. Nc3 Bf5 5. Nh4 Bd7 6. e4 e5 7. Nf3 Nc6 8. d5
Ne7 9. c5 Bg7 10. cxd6 cxd6 11. Qb3 Rb8 12. a4 O-O 13. Be2 Nh5 14. O-O Nf4 15.
Bxf4 exf4 16. a5 b5 17. axb6 Rxb6 18. Qa3 Bg4 19. h3 Bxf3 20. Bxf3 g5 21. Ra2
Rb7 22. Rc1 Bd4 23. Ne2 Be5 24. Rc4 Qb6 25. b4 Rfb8 26. Nc1 Ng6 27. Nd3 Qd8 28.
Bh5 Qf6 29. Bxg6 fxg6 30. Nxe5 Qxe5 31. Qc1 Rf8 32. Qa1 Qe7 33. f3 h5 34. Ra6
g4 35. e5 gxf3 36. Rxd6 Qg5 37. Qb2 Rg7 38. Rc2 Qg3 39. Rf6 Rb8 40. Qc3 f2+ 41.
Kf1 a5 42. d6 Rxb4 43. Qxg3 fxg3 44. Rc1 Rd4 45. e6 Rxd6 46. e7 Rxf6 47. e8=Q+
Rf8 48. Qe5 h4 49. Qd5+ Kh7 50. Qg5 Re8 51. Qxh4+ Kg8 52. Qxg3 1-0

[Event "XV Festival A"]
[Site "Campobasso ITA"]
[Date "2008.07.19"]
[Round "4"]
[White "Naumkin, Igor"]
[Black "Collutiis, Duilio"]
[Result "1/2-1/2"]
[WhiteElo "2502"]
[BlackElo "2415"]
[PlyCount "85"]
[EventDate "2008.07.18"]

1. d4 Nf6 2. c4 c5 3. d5 b5 4. cxb5 a6 5. bxa6 g6 6. Nc3 Bxa6 7. Nf3 d6 8. Nd2
Bg7 9. e4 Bxf1 10. Nxf1 Nbd7 11. Ne3 O-O 12. O-O Qa5 13. Qc2 Nb6 14. a4 Rfb8
15. Ra3 Ne8 16. Bd2 Qa6 17. b3 Nc7 18. Ng4 Nd7 19. Nb1 Qe2 20. h3 Na6 21. Ne3
Ne5 22. Nc3 Qd3 23. Qxd3 Nxd3 24. Rb1 Nab4 25. Kf1 Bd4 26. Ke2 Nxf2 27. Kxf2
Nc2 28. Ra2 Nxe3 29. Kf3 Bxc3 30. Bxc3 Nc4 31. Ke2 Nb6 32. a5 Nd7 33. b4 cxb4
34. Rxb4 Rxb4 35. Bxb4 Kf8 36. Bc3 Ke8 37. Bd4 Kd8 38. Kd3 Kc7 39. a6 f6 40. a7
Kb7 41. Rb2+ Kc7 42. Ra2 Kb7 43. Rb2+ 1/2-1/2

[Event "XV Festival A"]
[Site "Campobasso ITA"]
[Date "2008.07.19"]
[Round "4"]
[White "Petruccioli, Antonio"]
[Black "Cordi', Domenico"]
[Result "0-1"]
[WhiteElo "2101"]
[BlackElo "2039"]
[PlyCount "44"]
[EventDate "2008.07.18"]

1. e4 c5 2. Nf3 e6 3. d4 cxd4 4. Nxd4 Nf6 5. Bd3 Nc6 6. Nxc6 bxc6 7. c4 e5 8.
O-O Bc5 9. Nc3 h6 10. b3 O-O 11. Bb2 Bd4 12. Qe2 d6 13. h3 Nh7 14. Rad1 Qh4 15.
Bc2 Ng5 16. Rd3 f5 17. Bd1 fxe4 18. Rd2 Nxh3+ 19. gxh3 Qg3+ 20. Kh1 Qxh3+ 21.
Kg1 Rf4 22. Qh5 Qg3+ 0-1

[Event "XV Festival A"]
[Site "Campobasso ITA"]
[Date "2008.07.19"]
[Round "4"]
[White "Salerno, Francesco"]
[Black "Mari, Tommaso"]
[Result "1/2-1/2"]
[WhiteElo "1801"]
[BlackElo "1867"]
[PlyCount "53"]
[EventDate "2008.07.18"]

1. d4 Nf6 2. c4 c5 3. d5 b5 4. cxb5 a6 5. b6 Qxb6 6. Nc3 d6 7. Nf3 g6 8. Nd2
Bg7 9. e4 Nbd7 10. Be2 O-O 11. Nc4 Qc7 12. a4 Nb6 13. Ne3 Bd7 14. O-O Rfb8 15.
f4 Be8 16. Qe1 Nfd7 17. g4 c4 18. g5 Nc5 19. f5 Bxc3 20. bxc3 Nxe4 21. f6 exf6
22. gxf6 Qc5 23. Qh4 Nxf6 24. Qxf6 Nxd5 25. Qd4 Qxd4 26. cxd4 Nxe3 27. Bxe3
1/2-1/2

[Event "XV Festival A"]
[Site "Campobasso ITA"]
[Date "2008.07.19"]
[Round "4"]
[White "Sannino, Raffaele"]
[Black "Ficco, Corrado"]
[Result "1-0"]
[WhiteElo "2014"]
[BlackElo "2141"]
[PlyCount "59"]
[EventDate "2008.07.18"]

1. Nf3 c5 2. e3 Nc6 3. d4 e6 4. Bd3 d5 5. O-O c4 6. Be2 Nf6 7. b3 cxb3 8. axb3
Bd6 9. Ba3 O-O 10. Bxd6 Qxd6 11. c4 e5 12. dxe5 Nxe5 13. Nc3 Be6 14. Qd4 Nc6
15. Qd2 Rfd8 16. Rfd1 Qb4 17. Nxd5 Nxd5 18. cxd5 Rxd5 19. Qxb4 Nxb4 20. Nd4 Nc6
21. Nxe6 fxe6 22. Bc4 Re5 23. Rd7 b5 24. Be2 a5 25. Bf3 Ra6 26. Rc1 a4 27. Bxc6
h6 28. bxa4 bxa4 29. Bf3 a3 30. Be2 1-0

[Event "XV Festival A"]
[Site "Campobasso ITA"]
[Date "2008.07.19"]
[Round "4"]
[White "Vuelban, Virgilio"]
[Black "Corvi, Marco"]
[Result "1-0"]
[WhiteElo "2263"]
[BlackElo "2350"]
[PlyCount "81"]
[EventDate "2008.07.18"]

1. e4 Nf6 2. e5 Nd5 3. d4 d6 4. Nf3 g6 5. Bc4 Nb6 6. Bb3 Bg7 7. Ng5 e6 8. f4 a5
9. c3 Nc6 10. a4 Ne7 11. O-O h6 12. Ne4 d5 13. Nc5 Nd7 14. Nxd7 Bxd7 15. Bc2 h5
16. Nd2 b6 17. Nf3 Bc8 18. b4 c6 19. Ba3 Ba6 20. Re1 Bc4 21. Qd2 Nf5 22. g3 Bf8
23. Kg2 Be7 24. h3 Kd7 25. h4 Qc7 26. Ng5 Nh6 27. bxa5 bxa5 28. Bxe7 Kxe7 29.
Qc1 Rhc8 30. Nh7 Nf5 31. Bxf5 exf5 32. Qa3+ c5 33. Rab1 Bd3 34. dxc5 Kd8 35. c6
Qxc6 36. Rb7 Qc5 37. Nf6 Rc6 38. Qxc5 Rxc5 39. Rxf7 Rb8 40. Rf8+ Kc7 41. Rxb8
1-0

[Event "XV Festival A"]
[Site "Campobasso ITA"]
[Date "2008.07.20"]
[Round "5"]
[White "Bottega, Antonio"]
[Black "Ciavarra, Luigi"]
[Result "1/2-1/2"]
[WhiteElo "1975"]
[BlackElo "1932"]
[PlyCount "98"]
[EventDate "2008.07.18"]

1. e4 e5 2. Nf3 d6 3. d4 exd4 4. Nxd4 g6 5. Nc3 Bg7 6. Be3 Bd7 7. Bc4 Nf6 8. f3
Nc6 9. Qd2 Qe7 10. Ncb5 Qd8 11. Nxc7+ Qxc7 12. Nb5 Qa5 13. Nxd6+ Ke7 14. c3 Ne5
15. Bb3 Qc7 16. O-O-O Ne8 17. Nxf7 Nxf7 18. Bxf7 Ba4 19. Bb3 Bxb3 20. axb3 Nf6
21. e5 Ne8 22. Bg5+ Kf8 23. e6 h6 24. Bf4 Qe7 25. Qd7 g5 26. Be3 Nf6 27. Bc5
Nxd7 28. Bxe7+ Kxe7 29. Rxd7+ Kf6 30. Rf7+ Kg6 31. Rxb7 Rhe8 32. Re1 a5 33. Re4
Ra6 34. e7 Kf7 35. Ra4 Raa8 36. Kc2 Be5 37. g3 Bd6 38. Re4 Bxe7 39. b4 axb4 40.
Rexb4 Kf8 41. R4b6 Ra1 42. Rxh6 Rf1 43. h4 Rf2+ 44. Kb3 Rxf3 45. hxg5 Kg7 46.
Re6 Kf7 47. Rc6 Rxg3 48. Rf6+ Kg8 49. Rg6+ Kf7 1/2-1/2

[Event "XV Festival A"]
[Site "Campobasso ITA"]
[Date "2008.07.20"]
[Round "5"]
[White "Campanella, Giovanni"]
[Black "Ficco, Corrado"]
[Result "0-1"]
[WhiteElo "1955"]
[BlackElo "2141"]
[PlyCount "102"]
[EventDate "2008.07.18"]

1. e4 c5 2. Nf3 e6 3. d4 cxd4 4. Nxd4 Nf6 5. Nc3 Nc6 6. Be3 Bb4 7. Bd3 d5 8.
exd5 Nxd5 9. Nxc6 bxc6 10. Bd2 Nxc3 11. Bxc3 Bxc3+ 12. bxc3 Qf6 13. Qd2 Qe5+
14. Kf1 O-O 15. Re1 Qf6 16. Re3 g6 17. h4 Rb8 18. Rh2 Rb1+ 19. Ke2 e5 20. c4
Qf4 21. g3 Qg4+ 22. f3 Qxg3 23. Rf2 Be6 24. Qa5 f6 25. h5 Qg1 26. Qd2 Rd8 27.
hxg6 hxg6 28. Re4 Qh1 29. c5 Kg7 30. Rb4 Bf5 31. Rxb1 Qxb1 32. Rh2 g5 33. Rg2
Kf8 34. Rh2 Ke7 35. a4 a5 36. Ke3 Qb2 37. Ke2 Qd4 38. Qe3 Bxd3+ 39. cxd3 Qb2+
40. Qd2 Qxd2+ 41. Kxd2 Rd5 42. Ke3 Rxc5 43. Ke4 Ke6 44. Rh7 Rc1 45. Ke3 Ra1 46.
Rc7 Kd6 47. Rf7 Ke6 48. Rc7 Rxa4 49. Rxc6+ Kf5 50. Ra6 Ra1 51. d4 Ra3+ 0-1

[Event "XV Festival A"]
[Site "Campobasso ITA"]
[Date "2008.07.20"]
[Round "5"]
[White "Castiello, Luigi"]
[Black "Parrini, Daniele"]
[Result "1-0"]
[WhiteElo "2114"]
[BlackElo "2032"]
[PlyCount "101"]
[EventDate "2008.07.18"]

1. e4 c5 2. Nf3 d6 3. d4 cxd4 4. Nxd4 Nf6 5. Nc3 a6 6. Bg5 e6 7. f4 Be7 8. Qf3
Qc7 9. O-O-O Nbd7 10. g4 b5 11. Bxf6 Nxf6 12. g5 Nd7 13. f5 Nc5 14. f6 gxf6 15.
gxf6 Bf8 16. Rg1 h5 17. Rg7 b4 18. Nd5 exd5 19. exd5 Nd7 20. Re1+ Ne5 21. Ne6
Bxe6 22. Rxe5 dxe5 23. dxe6 Rc8 24. exf7+ Kd8 25. Qd1+ Qd6 26. Rg8 Kc7 27. Rxh8
Qxf6 28. Rxh5 Qxf7 29. Qe2 Bh6+ 30. Kb1 Bg7 31. Qc4+ Qxc4 32. Bxc4 Kb6 33. Bd3
a5 34. Rg5 Bf6 35. Rg6 Rc6 36. Kc1 Kc5 37. Kd2 Kd4 38. Rg4+ Kc5 39. b3 Rd6 40.
Ke3 Rd4 41. Rg8 Rh4 42. Ra8 Bg5+ 43. Kf3 Kd4 44. Rxa5 e4+ 45. Bxe4 Rf4+ 46. Kg3
Rxe4 47. Rxg5 Kc3 48. Rc5+ Kb2 49. h4 Re1 50. Rc4 Ka3 51. h5 1-0

[Event "XV Festival A"]
[Site "Campobasso ITA"]
[Date "2008.07.20"]
[Round "5"]
[White "Cordi', Domenico"]
[Black "Mrdja, Milan"]
[Result "0-1"]
[WhiteElo "2039"]
[BlackElo "2409"]
[PlyCount "66"]
[EventDate "2008.07.18"]

1. c4 c5 2. Nc3 Nc6 3. Nf3 e5 4. g3 Nf6 5. Bg2 d6 6. d3 h6 7. O-O Be7 8. Ne1
O-O 9. Nc2 Be6 10. Nd5 Bxd5 11. cxd5 Nd4 12. Bd2 Nd7 13. Na3 a6 14. e3 Nb5 15.
Nc4 b6 16. Bh3 Rb8 17. a4 Nc7 18. e4 Kh8 19. Ra3 f5 20. Bxf5 Qe8 21. Qg4 Nf6
22. Qh3 Ng8 23. f4 b5 24. axb5 axb5 25. Na5 b4 26. Raa1 Nb5 27. Nc6 Rb7 28.
fxe5 Nd4 29. Nxd4 cxd4 30. exd6 Bxd6 31. Ra6 Qe7 32. Qg4 Qf6 33. Bf4 Rd8 0-1

[Event "XV Festival A"]
[Site "Campobasso ITA"]
[Date "2008.07.20"]
[Round "5"]
[White "Cordi', Domenico"]
[Black "Mrdja, Milan"]
[Result "0-1"]
[WhiteElo "2039"]
[BlackElo "2409"]
[PlyCount "50"]
[EventDate "2008.07.18"]

1. e4 c6 2. d4 d5 3. Nc3 dxe4 4. Nxe4 Bf5 5. Ng3 Bg6 6. Nf3 e6 7. Ne5 Nd7 8.
Nxg6 hxg6 9. c3 Ngf6 10. Bd3 Qc7 11. Qf3 Bd6 12. Bg5 Qa5 13. Bd2 O-O-O 14. b4
Qc7 15. c4 Rh4 16. Ne2 e5 17. c5 Be7 18. Bc4 exd4 19. Bxf7 Ne5 20. Be6+ Kb8 21.
Qg3 Ne4 22. Qb3 d3 23. Ng3 Nxd2 24. Kxd2 Ng4 25. Bxg4 Qf4+ 0-1

[Event "XV Festival A"]
[Site "Campobasso ITA"]
[Date "2008.07.20"]
[Round "5"]
[White "Ferraro, Pietro"]
[Black "Salerno, Francesco"]
[Result "0-1"]
[WhiteElo "1968"]
[BlackElo "1801"]
[PlyCount "70"]
[EventDate "2008.07.18"]

1. e4 c6 2. d4 d5 3. e5 Bf5 4. Nc3 Qb6 5. Nf3 e6 6. Be2 Nd7 7. O-O Ne7 8. b3
Ng6 9. Na4 Qc7 10. c4 Be7 11. Bb2 O-O 12. Nd2 Nf4 13. g3 Nxe2+ 14. Qxe2 f6 15.
g4 Bg6 16. exf6 Rxf6 17. g5 Rf7 18. f4 Bf5 19. Qe3 Raf8 20. Nc3 c5 21. Nb5 Qb6
22. dxc5 Bxc5 23. Bd4 Bxd4 24. Nxd4 Bh3 25. Rf3 Bg4 26. Rf2 e5 27. Nc2 d4 28.
Qg3 Rxf4 29. Raf1 Rxf2 30. Rxf2 Rxf2 31. Qxf2 Qg6 32. Qg2 Qf5 33. Qxb7 Qxc2 34.
Qd5+ Kf8 35. Qd6+ Kf7 0-1